000 00988 a2200253 4500
003 UA-OsUOA
005 20231012100355.0
008 231012b un ||||| |||| 00| 0 ukr d
020 _a9786088164
040 _aUA-OsUOA
_bukr
_cUA-OsUOA
_dUA-OsUOA
041 _aukr
080 _a811.111(075.8)
090 _a811.111(075.8)
_bБ30
100 _aБахов І. С.
110 _aМіжрегіональна академія управління персоналом
245 _aАнглійська мова для аспірантів та здобувачів
_bнавчальний посібник
_cІ. С. Бахов
246 _aEnglish for post-graduate students
260 _aК.
_bПерсонал
_c2008
300 _a276 с.
_bіл.
650 _2UDC
_a811.111 Англійська мова
942 _cBK
_2udc
955 _a2
999 _c575290
_d575290